000 00525nam a22001937a 4500
005 20251108175851.0
008 250721s2021 xx 000 0 ara d
082 1 4 _a658.409/فير
100 1 _aفيرازي، كيث
245 1 0 _aالقيادة دون استخدام السلطة /
264 _c2021.
300 _a326ص.
650 1 7 _aالتطوير الاداري
650 1 7 _aالقيادة
650 1 7 _aالادارة
700 1 _aحبيب، عماد
_eمترجم
942 _2ddc
_cBK
999 _c144332
_d144332